[Event "Gausdal Bygger'n Masters"]
[Site "Gausdal NOR"]
[Date "2005.10.09"]
[Round "9.24"]
[White "Karlsson, Lars"]
[Black "Bentsen, Hakon"]
[Result "1-0"]
[WhiteElo "2501"]
[BlackElo "2158"]
[PlyCount "55"]
[EventDate "2005.10.01"]
[EventType "swiss"]
[EventRounds "9"]
[EventCountry "NOR"]
[Source "lmi"]
[SourceDate "2005.10.05"]

1. f4 d5 2. Nf3 Nf6 3. e3 g6 4. d4 Bg7 5. c4 c6 6. Nc3 O-O 7. Be2 b6 8. O-O Bb7
9. Ne5 e6 10. b3 Nbd7 11. a4 Ne4 12. Nxe4 dxe4 13. Ba3 Re8 14. c5 bxc5 15. Nxd7
Qxd7 16. Bxc5 Bf8 17. Qc2 Bxc5 18. dxc5 f5 19. Rad1 Qg7 20. Rd6 e5 21. Qc3 Re7
22. Rfd1 Rae8 23. Rd8 Kf8 24. R1d6 exf4 25. Rf6+ Rf7 26. Rxe8+ Kxe8 27. Qe5+
Kd8 28. Rd6+ 1-0

[Event "Gausdal Bygger'n Masters"]
[Site "Gausdal NOR"]
[Date "2005.10.09"]
[Round "9.25"]
[White "Kulaots, Kaido"]
[Black "Antic, Dejan"]
[Result "1/2-1/2"]
[WhiteElo "2558"]
[BlackElo "2519"]
[PlyCount "39"]
[EventDate "2005.10.01"]
[EventType "swiss"]
[EventRounds "9"]
[EventCountry "NOR"]
[Source "lmi"]
[SourceDate "2005.10.05"]

1. e4 e5 2. Nf3 Nc6 3. Bb5 Nf6 4. d3 d6 5. O-O Bd7 6. c3 g6 7. Nbd2 Bg7 8. Re1
O-O 9. Nf1 Qe8 10. Bg5 h6 11. Bh4 Nh7 12. Ne3 f6 13. a4 Ng5 14. a5 Kh8 15. Bc4
Nd8 16. d4 Nde6 17. dxe5 Nxf3+ 18. Qxf3 fxe5 19. Qd1 h5 20. f3 1/2-1/2